000 00948nam a2200325 c 4500
001 332173
003 DO-SdBNP
005 20180202104031.0
007 332173
008 130321s1985 sp | |||| 000 1 spa
015 _a
017 _a
_b
020 _a8475252915
035 _a
040 _aBPMSU
_bspa
_cBPMSU
_e
080 _a
100 1 _aPardo Bazán, Emilia,
_cCondesa de
_d1851-1921
245 1 3 _aLa piedra angular /
_cEmilia Pardo Bazán ; edición de Begoña González y Constantino Quintela : ilustración Javier Serrano
250 _a
260 _aMadrid :
_bEdiciones Generales Anaya,
_c1985
300 _a 224 p. :
_c21 cm
490 0 _aTus libros
_v 65
650 _aNovela española.
700 1 _agonzález, Begoña
_d ed.
700 1 _aSerrano, Javier
_eil.
830 0 _aTus libros
_n65
942 _2ddc
_cBK
945 _aInventariado, 2018/ YL
956 _aVMATEO
_b10
_c20160608
_dBPMSU
_f0069
999 _c10303
_d10303